| 000 | 00572nam a22001817a 4500 | ||
|---|---|---|---|
| 003 | CEME | ||
| 005 | 20210628202758.0 | ||
| 008 | 210118b xxu||||| |||| 00| 0 eng d | ||
| 020 | _a81-7371-395-2 | ||
| 040 | _c. | ||
| 082 | _a621.3848 SRE | ||
| 100 |
_aSreekanth, P.V _961578 |
||
| 245 | _aDigital microwave communication systems, with selected topics in mobile communications | ||
| 260 |
_aNEW DELHI _bUNIVERSITY PRESS _c2003 |
||
| 300 | _aXI, 556 P | ||
| 650 |
_aCOMMUNICATION SYSTEMS.DIGITAL COMMUNICATION SYSTEMS. MOBILE COMMUNICATIONS _961579 |
||
| 942 |
_cBK _2ddc |
||
| 999 |
_c570985 _d570985 |
||